Eszthetika. Alaptanok.
Elmentve itt :
| Szerző: | |
|---|---|
| Adatforrás: | Philobibl |
| Forrásdokumentuma: | 189-412.p. p. |
| Dokumentumtípus: | Cikk |
| Nyelv: | magyar |
| Megjelent: |
Bp.
1903
|
| LEADER | 00348nab a2200121 c 4500 | ||
|---|---|---|---|
| 001 | bibDOK00024972 | ||
| 005 | 20200924121929.6 | ||
| 008 | 060518s1903 hu hun | ||
| 100 | 1 | |a Beöthy Zsolt | |
| 245 | 1 | 0 | |a Eszthetika. Alaptanok. |c Beöthy Zsolt |
| 260 | |a Bp. |c 1903 | ||
| 500 | |a Az 1902-3. tanév I. és II. fele. Jegyezte Kéky Lajos. | ||
| 773 | 0 | |g 189-412.p. p. | |